=LDR 00000nam 2200000 4500 =001 NUTBA000000000003881 =005 20200211042147 =035 ##$$a 0010-081400000000726 =008 200211################g##########0#ind## =020 ##$$a 978-602-8661-23-6 =040 ##$$a NBPDMAT =090 ##$$a 158.24 $b Agu d =100 ##$$a Agus Sutiyono =245 1#$$a Dahsyatnya hypnoparenting /$c Agus Sutiyono =260 ##$$a Jakarta :$b Penebar Swadaya,$c 2011 =300 ##$$a 116 hlm. : $b ilus. ; $c 21 x 14 cm. =500 ##$$a Bibliografi : hlm. 115 =650 #4$$a Psikologi Terapan =850 ##$$a NBPDMAT =082 ##$$a 158.24 =084 ##$$a 158.24 AGU d =990 ##$$a 21408417 =990 ##$$a 21408418 =990 ##$$a 21408419 =990 ##$$a 21408420 =990 ##$$a 21408421 =990 ##$$a 0001/BPAP-NTB/20142014 =990 ##$$a 21408420 =990 ##$$a 21408417 =990 ##$$a 21408418 =990 ##$$a 21408419 =990 ##$$a 21408421 =990 ##$$a 0001/BPAP-NTB/20142014 =990 ##$$a 21408418 =990 ##$$a 21408417 =990 ##$$a 21408419 =990 ##$$a 21408420 =990 ##$$a 21408421 =990 ##$$a 0001/BPAP-NTB/20142014 =990 ##$$a 21408419 =990 ##$$a 21408417 =990 ##$$a 21408418 =990 ##$$a 21408420 =990 ##$$a 21408421 =990 ##$$a 0001/BPAP-NTB/20142014 =990 ##$$a 21408421 =990 ##$$a 21408417 =990 ##$$a 21408418 =990 ##$$a 21408419 =990 ##$$a 21408420 =990 ##$$a 0001/BPAP-NTB/20142014 =990 ##$$a 0001/BPAP-NTB/20142014 =990 ##$$a 21408417 =990 ##$$a 21408418 =990 ##$$a 21408419 =990 ##$$a 21408420 =990 ##$$a 21408421